| 000 | 00980nam a2200301 i 4500 | ||
|---|---|---|---|
| 001 | bg | ||
| 100 | 1 | _aWINKLER, Teodor | |
| 245 | 1 | 0 |
_aKomputerowy zapis konstrukcji / _cTeodor Winkler. |
| 250 | _aWyd.2 zm. | ||
| 260 |
_aWarszawa : _bWydawnictwa Naukowo-Techniczne, _c1997. |
||
| 300 |
_a141, [1] s. : _brys. ; _c24 cm. |
||
| 490 | 1 | _aWspomaganie Komputerowe CAD/CAM | |
| 504 | _aBibliogr. s. 135-137. - Indeks. | ||
| 650 | 9 |
_aKonstrukcje _xprojekty _xautomatyzacja |
|
| 650 | 9 |
_aGrafika komputerowa _xstosowanie _xrysunek techniczny |
|
| 650 | 9 |
_aKomputery _xstosowanie _xrysunek techniczny |
|
| 650 | 9 |
_aProjektowanie _xautomatyzacja |
|
| 650 | 9 |
_aRysunek techniczny _xautomatyzacja |
|
| 655 | _aPodręczniki akademickie | ||
| 830 | _aWspomaganie Komputerowe CAD/CAM | ||
| 020 | _a8320421667 | ||
| 040 | _cBPK | ||
| 041 | 0 | _apl | |
| 080 | _a621.01:681.322:741/744](075.8) | ||
| 920 | _a83-204-2166-7 | ||
| 942 | _cKS | ||
| 008 | s pl f |000 0 pol | ||
| 999 |
_c32377 _d32377 |
||
| 856 |
_uhttp://koha.tu.koszalin.pl/cgi-bin/koha/opac-detail.pl?biblionumber=32377 _yKatalog online BPK |
||